| 000 | 00511nam a2200217Ia 4500 | ||
|---|---|---|---|
| 005 | 20250425160716.0 | ||
| 008 | 250425s9999 xx 000 0 und d | ||
| 020 | _a9500808315 | ||
| 041 | _aspa | ||
| 082 | _a101 | ||
| 100 | _aSORMAN, GUY | ||
| 245 | 0 | _aLOS VERDADEROS PENSADORES DEL SIGLO XX | |
| 250 | _a6A ED. | ||
| 260 |
_aArgentina _bATLANTIDA _c1991 |
||
| 260 | _aBUENOS AIRES | ||
| 300 | _a330 | ||
| 650 | _aFILOSOFIA | ||
| 650 | _aPENSAMIENTOS FILOSOFICOS | ||
| 942 | _c01 | ||
| 010 | _a3109 | ||
| 999 |
_c194570 _d194570 |
||